000 00711cam a2200217 a 4500
001 000017567
005 20200929165144.0
008 820716s1944 pr 000 f spa d
040 _aDO-SdBNP
_cCarP
_dDLC
082 _a863.5
_bA321f
100 1 _aAlarcón, Pedro Antonio de,
_d1833-1891
_938330
245 1 3 _aEl final de Norma /
_cPedro Antonio de Alarcón ; prólogo de Luis Santullano.
260 _aSan Juan, Puerto Rico :
_bDepartamento de instrucción Pública,
_c[1944].
300 _a289 p. ;
_c22 cm.
650 4 _aNovela española
_91123
650 4 _aLiteratura española
_9632
700 1 _aSantullano, Luis,
_epról.
_938331
910 _aCatalogación derivada
910 _aWM
049 _aBNGR
999 _c17092
_d17092